[Event "HUN-chT4 2223"]
[Site "Gyor"]
[Date "2022.11.13"]
[Round "2"]
[White "Makari, Bence"]
[Black "Nagy, Istvan Miklos"]
[Result "0-1"]
[WhiteElo "1071"]
[BlackElo "1746"]
[PlyCount "188"]
[EventDate "2022.10.09"]
[EventType "team-tourn"]
[EventRounds "7"]
[EventCountry "HUN"]
[SourceTitle "EXT 2024"]
[Source "ChessBase"]
[SourceDate "2023.10.10"]
[SourceVersion "1"]
[SourceVersionDate "2023.10.10"]
[SourceQuality "1"]
[WhiteTeam "Fertoszentmiklos"]
[BlackTeam "Gyor Szechenyi II"]
[WhiteTeamCountry "HUN"]
[BlackTeamCountry "HUN"]

1. d4 d5 2. c4 c6 3. e3 Bf5 4. Nc3 e6 5. Nf3 Nf6 6. h3 Bd6 7. c5 Bc7 8. Bd3 Bg6 9. 0-0 Nbd7 10. b4 a6 11. Bb2 Ne4 12. a4 b5 13. axb5 axb5 14. Qc2 Nxc3 15. Bxg6 hxg6 16. Bxc3 0-0 17. Rxa8 Qxa8 18. Ra1 Qb7 19. e4 Nf6 20. e5 Ne4 21. Nh2 Ra8 22. f3 Rxa1+ 23. Bxa1 Qa8 24. Bc3 Ng3 25. Kf2 Nf5 26. g4 Ne7 27. f4 Bd8 28. Kf3 Qa3 29. Qb2 Qa4 30. Ke2 Kf8 31. Kd2 Ng8 32. Qc2 Qxc2+ 33. Kxc2 Bh4 34. Nf1 Nh6 35. Kd3 g5 36. fxg5 Bxg5 37. Bd2 Bh4 38. Bxh6 gxh6 39. Ne3 Kg7 40. Ke2 Kg6 41. Ng2 Bg5 42. Kd1 f5 43. exf6 Bxf6 44. Nf4+ Kf7 45. Ne2 e5 46. Kd2 e4 47. Nc1 Bxd4 48. Nb3 Bb2 49. Na5 d4 50. Nxc6 Bc3+ 51. Kc2 e3 52. Kd3 Ke6 53. Na7 Bxb4 54. c6 Ba5 55. Nxb5 Bb6 56. c7 Kd7 57. c8Q+ Kxc8 58. Nd6+ Kd7 59. Nf5 Ke6 60. Nxh6 Kf6 61. Nf5 Kg5 62. Ne7 Kh4 63. Ke2 Kg5 64. Kd3 Bc5 65. Nd5 Kh4 66. Ke2 Kg5 67. Kd3 Ba7 68. Ke2 Kh4 69. Nf4 Bb8 70. Ne6 Be5 71. g5 Kh5 72. h4 Kg6 73. Nf8+ Kf5 74. Nd7 Bg3 75. g6 Kxg6 76. Nf8+ Kh5 77. Ne6 Be5 78. Ng5 Bf6 79. Nf3 Kg4 80. h5 Kxh5 81. Nh2 Kg5 82. Nf1 Kf4 83. Nh2 Ke4 84. Kd1 d3 85. Kc1 Bh4 86. Nf1 e2 87. Nd2+ Kf4 88. Kb2 e1Q 89. Nb3 Bf6+ 90. Ka2 Qc3 91. Ka3 Be7+ 92. Ka2 Qc2+ 93. Ka1 Bf6+ 94. Nd4 Bxd4# 0-1

[Event "HUN-chT4 2223"]
[Site "Gyor"]
[Date "2022.10.09"]
[Round "1"]
[White "Nagy, Istvan Miklos"]
[Black "Varnagy, Geza"]
[Result "1-0"]
[WhiteElo "1746"]
[BlackElo "1382"]
[PlyCount "67"]
[EventDate "2022.10.09"]
[EventType "team-tourn"]
[EventRounds "7"]
[EventCountry "HUN"]
[SourceTitle "EXT 2024"]
[Source "ChessBase"]
[SourceDate "2023.10.10"]
[SourceVersion "1"]
[SourceVersionDate "2023.10.10"]
[SourceQuality "1"]
[WhiteTeam "Gyor Szechenyi II"]
[BlackTeam "Sopron MAFC"]
[WhiteTeamCountry "HUN"]
[BlackTeamCountry "HUN"]

1. d4 d5 2. Bf4 e6 3. e3 Bd6 4. Bg3 Nf6 5. Nf3 0-0 6. Bd3 b6 7. 0-0 Bb7 8. c4 c5 9. Nc3 dxc4 10. Bxc4 cxd4 11. Nxd4 a6 12. Nxe6 fxe6 13. Bxe6+ Kh8 14. Qxd6 Qxd6 15. Bxd6 Re8 16. Bb3 Nc6 17. Rfd1 Ne4 18. Nxe4 Rxe4 19. Rac1 Rg4 20. Bd5 Na5 21. Bxb7 Nxb7 22. Rc7 Nxd6 23. Rxd6 Rb8 24. f3 Rg6 25. Rxg6 hxg6 26. Rc6 Kh7 27. Kf2 a5 28. e4 b5 29. e5 a4 30. Ke3 b4 31. e6 Kg8 32. Rc7 Re8 33. e7 Kf7 34. Kd4 1-0

[Event "HUN-chT2 Szechenyi 1819"]
[Site "Hungary"]
[Date "2019.03.31"]
[Round "8.10"]
[White "Nagy, Istvan Miklos"]
[Black "Erseki, Aron"]
[Result "0-1"]
[WhiteElo "1722"]
[BlackElo "1739"]
[PlyCount "82"]
[EventDate "2018.10.28"]
[EventType "team-tourn"]
[EventRounds "9"]
[EventCountry "HUN"]
[SourceTitle "EXT 2021"]
[Source "ChessBase"]
[SourceDate "2020.10.23"]
[SourceVersion "1"]
[SourceVersionDate "2020.10.23"]
[SourceQuality "1"]
[WhiteTeam "Gyor Szechenyi II"]
[BlackTeam "Tapolca VSE II"]
[WhiteTeamCountry "HUN"]
[BlackTeamCountry "HUN"]

1. d4 d5 2. Bf4 e6 3. Nf3 c6 4. c3 f5 5. e3 Nf6 6. Be2 Nbd7 7. Ne5 Be7 8. Bh5+ g6 9. Be2 Nxe5 10. Bxe5 Bd6 11. Bg3 Ne4 12. Nd2 Qe7 13. Nf3 Bd7 14. Be5 Rg8 15. Qb3 0-0-0 16. a3 g5 17. c4 f4 18. c5 Bxe5 19. Nxe5 Rdf8 20. Rf1 Be8 21. a4 h5 22. a5 a6 23. Ra4 Qc7 24. f3 Nxc5 25. dxc5 Qxe5 26. Qb6 Qc7 27. Qb3 fxe3 28. Qxe3 e5 29. Qd2 Rf4 30. Ra3 Qe7 31. Re3 d4 32. Re4 Qxc5 33. Rxf4 gxf4 34. Bd3 Bg6 35. Bxg6 Rxg6 36. Rf2 Qc4 37. Re2 Re6 38. Kf2 Kc7 39. Qe1 d3 40. Re4 Qc2+ 41. Kf1 d2 0-1

[Event "HUN-chT2 Szechenyi 1819"]
[Site "Hungary"]
[Date "2019.01.27"]
[Round "4.10"]
[White "Nagy, Istvan Miklos"]
[Black "Ratkai, Imre"]
[Result "1/2-1/2"]
[WhiteElo "1722"]
[BlackElo "1431"]
[PlyCount "112"]
[EventDate "2018.10.28"]
[EventType "team-tourn"]
[EventRounds "9"]
[EventCountry "HUN"]
[SourceTitle "EXT 2021"]
[Source "ChessBase"]
[SourceDate "2020.10.23"]
[SourceVersion "1"]
[SourceVersionDate "2020.10.23"]
[SourceQuality "1"]
[WhiteTeam "Gyor Szechenyi II"]
[BlackTeam "Haladas Szombathely III"]
[WhiteTeamCountry "HUN"]
[BlackTeamCountry "HUN"]

1. d4 d5 2. Bf4 e6 3. e3 Bd6 4. Bg3 Nf6 5. Nf3 Ne4 6. c3 h6 7. Bd3 Nxg3 8. hxg3 0-0 9. Nbd2 f5 10. Qc2 Nc6 11. g4 fxg4 12. Bh7+ Kh8 13. Nh4 Ne7 14. Bd3 e5 15. dxe5 Bxe5 16. Nf1 c5 17. 0-0-0 Bf6 18. Ng3 Bxh4 19. Rxh4 Nf5 20. Nxf5 Bxf5 21. Rdh1 Qf6 22. Rh5 Bxd3 23. Qxd3 Rad8 24. f4 d4 25. g3 dxc3 26. Qxc3 Qxc3+ 27. bxc3 Rd3 28. Rxc5 Rxe3 29. Rc7 Rxg3 30. Rd1 Rf3 31. Rdd7 Rg8 32. Rxb7 Rxc3+ 33. Kd2 Rf3 34. Rf7 Rf2+ 35. Ke3 Rxa2 36. f5 Ra6 37. Kf4 h5 38. Kg5 g3 39. Rb3 g2 40. Rg3 Ra2 41. Kxh5 Ra6 42. Rxg2 Rh6+ 43. Kg5 a6 44. Kf4 Rf6 45. Rh2+ Rh6 46. Rxh6+ gxh6 47. Ra7 h5 48. Rxa6 Rg4+ 49. Ke5 Kg7 50. f6+ Kg6 51. Ra7 Rb4 52. Rg7+ Kh6 53. Rg1 Rb5+ 54. Ke4 Rb4+ 55. Kd5 Rb5+ 56. Kd6 Rb6+ 1/2-1/2

[Event "HUN-chT4 Chalupetzky 1718"]
[Site "Hungary"]
[Date "2017.11.19"]
[Round "3.2"]
[White "Nagy, Istvan Miklos"]
[Black "Zsubrits, Abel"]
[Result "1-0"]
[WhiteElo "1709"]
[BlackElo "1443"]
[PlyCount "57"]
[EventDate "2017.10.15"]
[EventType "team-tourn"]
[EventRounds "7"]
[EventCountry "HUN"]
[SourceTitle "EXT 2019"]
[Source "ChessBase"]
[SourceDate "2018.10.10"]
[SourceVersion "1"]
[SourceVersionDate "2018.10.10"]
[SourceQuality "1"]
[WhiteTeam "Gyor Szechenyi"]
[BlackTeam "Gyor Bastya"]
[WhiteTeamCountry "HUN"]
[BlackTeamCountry "HUN"]

1. d4 d5 2. Bf4 Nf6 3. e3 e6 4. Nf3 c5 5. c3 c4 6. Nbd2 Be7 7. Qc2 0-0 8. e4 h6 9. Be2 b5 10. e5 Nh7 11. g4 g5 12. Bg3 a5 13. h4 Kg7 14. hxg5 Nxg5 15. Nxg5 Bxg5 16. f4 Be7 17. g5 Bxg5 18. fxg5 Qxg5 19. Bh4 Qg6 20. Bf6+ Kh7 21. Bd1 Nd7 22. Rg1 Nxf6 23. Rxg6 fxg6 24. exf6 Rxf6 25. a3 Bd7 26. Be2 Raf8 27. 0-0-0 Rf2 28. Rg1 Be8 29. Qd1 1-0

[Event "HUN-chT4 1617"]
[Site "Hungary"]
[Date "2017.04.23"]
[Round "7.1"]
[White "Nagy, Istvan Miklos"]
[Black "Borbely, Mate"]
[Result "0-1"]
[WhiteElo "1818"]
[BlackElo "1802"]
[PlyCount "56"]
[EventDate "2016.10.02"]
[EventType "team-tourn"]
[EventRounds "7"]
[EventCountry "HUN"]
[SourceTitle "EXT 2019"]
[Source "ChessBase"]
[SourceDate "2018.10.10"]
[SourceVersion "1"]
[SourceVersionDate "2018.10.10"]
[SourceQuality "1"]

1. d4 Nf6 2. Nf3 d5 3. Bf4 c5 4. c3 Nc6 5. e3 Qb6 6. Qb3 c4 7. Qc2 Bf5 8. Qxf5 Qxb2 9. Nfd2 e6 10. Qh3 Qc1+ 11. Ke2 Qb2 12. g4 Nd7 13. Bg2 Qxa1 14. e4 Nb6 15. Bc7 Qxa2 16. Bxb6 axb6 17. exd5 exd5 18. Bxd5 Be7 19. Bxc4 Qb2 20. Bd3 g6 21. f4 0-0 22. f5 Rfe8 23. Kf3 Bg5 24. Ne4 Ra2 25. Rf1 Nxd4+ 26. cxd4 Qxd4 27. Kg3 Qxd3+ 28. Rf3 Qxe4 0-1

[Event "HUN-chT4 1617"]
[Site "Hungary"]
[Date "2017.03.19"]
[Round "6.1"]
[White "Acs, Gyorgy"]
[Black "Nagy, Istvan Miklos"]
[Result "1-0"]
[WhiteElo "1736"]
[BlackElo "1818"]
[PlyCount "117"]
[EventDate "2016.10.02"]
[EventType "team-tourn"]
[EventRounds "7"]
[EventCountry "HUN"]
[SourceTitle "EXT 2019"]
[Source "ChessBase"]
[SourceDate "2018.10.10"]
[SourceVersion "1"]
[SourceVersionDate "2018.10.10"]
[SourceQuality "1"]

1. e4 c5 2. Nc3 Nc6 3. Nf3 d6 4. d4 cxd4 5. Nxd4 g6 6. Be3 Bg7 7. Qd2 Nf6 8. f3 0-0 9. Be2 d5 10. Nxc6 bxc6 11. e5 Ne8 12. Bh6 Qc7 13. Bxg7 Nxg7 14. f4 Rb8 15. b3 f6 16. exf6 Rxf6 17. 0-0 Bd7 18. Na4 Ne6 19. g3 Rbf8 20. Bg4 h5 21. Bxe6+ Bxe6 22. Rae1 Bh3 23. Rf2 e5 24. Rxe5 Qxe5 25. fxe5 Rxf2 26. Qxf2 Rxf2 27. Kxf2 Kf7 28. Ke3 g5 29. Nc5 Ke7 30. c3 Kd8 31. Kd4 Kc7 32. a3 Bg4 33. b4 h4 34. Nd3 Kd7 35. Nf2 Bf3 36. Ke3 hxg3 37. hxg3 Bg2 38. Ng4 Ke6 39. Kd4 Bf3 40. Nf6 Kf5 41. g4+ Ke6 42. Nh7 Bxg4 43. Nxg5+ Kf5 44. Nf7 Ke6 45. Nd6 Be2 46. Nc8 a6 47. Na7 Bb5 48. Kc5 Kxe5 49. Nxc6+ Ke4 50. Ne7 Bc4 51. a4 Ke5 52. b5 axb5 53. axb5 Ke6 54. Nc6 Bf1 55. Nb8 Ke7 56. b6 Kd8 57. Kxd5 Kc8 58. Nc6 Kb7 59. Kc5 1-0

[Event "HUN-chT2 Szechenyi 1617"]
[Site "Hungary"]
[Date "2017.03.12"]
[Round "10.12"]
[White "Kadem, Aziz"]
[Black "Nagy, Istvan Miklos"]
[Result "0-1"]
[WhiteElo "1602"]
[BlackElo "1814"]
[PlyCount "46"]
[EventDate "2016.09.25"]
[EventType "team-tourn"]
[EventRounds "11"]
[EventCountry "HUN"]
[SourceTitle "EXT 2021"]
[Source "ChessBase"]
[SourceDate "2020.10.23"]
[SourceVersion "1"]
[SourceVersionDate "2020.10.23"]
[SourceQuality "1"]
[WhiteTeam "Veszprem Ezust Huszar"]
[BlackTeam "Gyor Szechenyi"]
[WhiteTeamCountry "HUN"]
[BlackTeamCountry "HUN"]

1. e4 c5 2. f4 Nc6 3. Nf3 e6 4. Nc3 Nge7 5. d3 d5 6. exd5 exd5 7. g3 g6 8. Bg2 Bg7 9. Bd2 0-0 10. Rb1 Re8 11. 0-0 b6 12. Re1 Bb7 13. g4 Qd7 14. h3 Nd4 15. Kh1 Nec6 16. Ne2 Nxf3 17. Bxf3 h5 18. c3 d4 19. cxd4 hxg4 20. hxg4 Ne5 21. Be4 Nxg4 22. Rf1 Rxe4 23. dxe4 Bxe4+ 0-1

[Event "HUN-chT2 Szechenyi 1617"]
[Site "Hungary"]
[Date "2016.11.27"]
[Round "5.11"]
[White "Nagy, Istvan Miklos"]
[Black "Vincze, Otto"]
[Result "0-1"]
[WhiteElo "1814"]
[BlackElo "1734"]
[PlyCount "106"]
[EventDate "2016.09.25"]
[EventType "team-tourn"]
[EventRounds "11"]
[EventCountry "HUN"]
[SourceTitle "EXT 2021"]
[Source "ChessBase"]
[SourceDate "2020.10.23"]
[SourceVersion "1"]
[SourceVersionDate "2020.10.23"]
[SourceQuality "1"]
[WhiteTeam "Gyor Szechenyi"]
[BlackTeam "Ajka Banyasz"]
[WhiteTeamCountry "HUN"]
[BlackTeamCountry "HUN"]

1. d4 Nf6 2. Nf3 d6 3. g3 g6 4. Bg2 Bg7 5. 0-0 0-0 6. c3 c6 7. Re1 Qc7 8. e4 e5 9. dxe5 dxe5 10. Qc2 Nbd7 11. b3 b6 12. Nbd2 Ba6 13. Ba3 Rfe8 14. Rad1 Bf8 15. Bxf8 Nxf8 16. Bf1 Bxf1 17. Kxf1 Qc8 18. Kg2 Qg4 19. h3 Qh5 20. Nc4 N6d7 21. Qc1 Kg7 22. Nd6 Re7 23. Qe3 Ne6 24. Rf1 Rf8 25. Kh2 Qh6 26. Qe2 Kh8 27. Nh4 Ng7 28. Qf3 Kg8 29. Qe2 b5 30. Ndf5 gxf5 31. exf5 Qf6 32. Qg4 h5 33. Qe2 Kh7 34. Qe4 Kh8 35. c4 bxc4 36. Qxc4 Nxf5 37. Nxf5 Qxf5 38. Qh4 Nf6 39. g4 Qf4+ 40. Kh1 Rg8 41. Rd6 Re6 42. Rfd1 e4 43. Rd8 Rxd8 44. Rxd8+ Kg7 45. Rd4 Re5 46. Kg2 Rg5 47. Kf1 hxg4 48. hxg4 Rxg4 49. Qh3 Qc1+ 50. Ke2 Rg1 51. f4 Re1+ 52. Kf2 e3+ 53. Kg2 Qc2+ 0-1

[Event "HUN-chT2 Szechenyi 1617"]
[Site "Hungary"]
[Date "2016.10.30"]
[Round "3.12"]
[White "Vida, Krisztian"]
[Black "Nagy, Istvan Miklos"]
[Result "1/2-1/2"]
[WhiteElo "1839"]
[BlackElo "1814"]
[PlyCount "76"]
[EventDate "2016.09.25"]
[EventType "team-tourn"]
[EventRounds "11"]
[EventCountry "HUN"]
[SourceTitle "EXT 2021"]
[Source "ChessBase"]
[SourceDate "2020.10.23"]
[SourceVersion "1"]
[SourceVersionDate "2020.10.23"]
[SourceQuality "1"]
[WhiteTeam "Haladas Szombathely III"]
[BlackTeam "Gyor Szechenyi"]
[WhiteTeamCountry "HUN"]
[BlackTeamCountry "HUN"]

1. d4 d5 2. c4 e6 3. Nf3 Nf6 4. Nc3 c6 5. Bg5 Be7 6. e3 Nbd7 7. cxd5 Nxd5 8. Bxe7 Qxe7 9. Nxd5 exd5 10. Bd3 Nf6 11. Ne5 Qb4+ 12. Qd2 Qxd2+ 13. Kxd2 Ng4 14. Nxg4 Bxg4 15. b4 a6 16. Rhc1 Ke7 17. a4 Bd7 18. Rab1 Rhc8 19. Ke2 Kd6 20. h3 h6 21. h4 Rc7 22. Rc5 b6 23. Rc3 a5 24. bxa5 Rxa5 25. Rxb6 Rxa4 26. Rc5 Raa7 27. Kf3 Rab7 28. Rxb7 Rxb7 29. Kf4 Rb2 30. Bc2 Rb8 31. g4 f6 32. h5 Rb5 33. Rc3 Ra5 34. Bf5 Be8 35. f3 c5 36. dxc5+ Rxc5 37. Rd3 Rc4+ 38. e4 d4 1/2-1/2

[Event "Gyor op-A 7th"]
[Site "Gyor"]
[Date "2016.07.09"]
[Round "6"]
[White "Horvath, Tamas"]
[Black "Nagy, Istvan Miklos"]
[Result "1-0"]
[WhiteElo "2087"]
[BlackElo "1764"]
[PlyCount "131"]
[EventDate "2016.07.06"]
[EventType "swiss"]
[EventRounds "9"]
[EventCountry "HUN"]
[SourceTitle "EXT 2017"]
[Source "ChessBase"]
[SourceDate "2016.10.25"]
[SourceVersion "1"]
[SourceVersionDate "2016.10.25"]
[SourceQuality "1"]

1. d4 d5 2. Nf3 Nf6 3. c4 e6 4. g3 Be7 5. Bg2 0-0 6. 0-0 c5 7. dxc5 Bxc5 8. a3 Nbd7 9. b4 Be7 10. cxd5 Nxd5 11. Qb3 b6 12. Rd1 Qc7 13. Ra2 Bb7 14. Rc2 Qb8 15. Bb2 Rc8 16. Rcd2 Rd8 17. h4 Qc7 18. Nd4 Rac8 19. e4 N5f6 20. Nxe6 fxe6 21. Qxe6+ Kf8 22. e5 Bxg2 23. exf6 Nxf6 24. Rxd8+ Rxd8 25. Rxd8+ Qxd8 26. Kxg2 Qd3 27. Nc3 Qc2 28. Qe2 Qb3 29. Nd1 Qd5+ 30. Qf3 Qd7 31. Ne3 b5 32. Nf5 Bd8 33. Bd4 Bb6 34. Be5 Bc7 35. Bc3 Bb6 36. Nxg7 Qxg7 37. Qxf6+ Qxf6 38. Bxf6 Kf7 39. Bg5 a6 40. Be3 Bd8 41. Kf3 Bf6 42. Bc1 Bd4 43. Ke2 Kg6 44. f3 Kh5 45. Kd3 Be5 46. g4+ Kxh4 47. Ke4 Bg7 48. Kf5 Kg3 49. f4 Kf3 50. g5 h5 51. gxh6 Bxh6 52. Ke5 Ke2 53. Ke4 Kd1 54. Be3 Kc2 55. Bb6 Kb3 56. f5 Kxa3 57. Ba5 Bg7 58. Kd5 Bf8 59. Kc6 Kb3 60. f6 Kc4 61. f7 Kd4 62. Bb6+ Kc4 63. Bc5 Bg7 64. f8Q Bxf8 65. Bxf8 a5 66. bxa5 1-0

[Event "Gyor op-A 7th"]
[Site "Gyor"]
[Date "2016.07.06"]
[Round "1"]
[White "Nagy, Istvan Miklos"]
[Black "Pribek, Laszlo"]
[Result "1/2-1/2"]
[WhiteElo "1764"]
[BlackElo "2103"]
[PlyCount "191"]
[EventDate "2016.07.06"]
[EventType "swiss"]
[EventRounds "9"]
[EventCountry "HUN"]
[SourceTitle "EXT 2017"]
[Source "ChessBase"]
[SourceDate "2016.10.25"]
[SourceVersion "1"]
[SourceVersionDate "2016.10.25"]
[SourceQuality "1"]

1. d4 Nf6 2. Bf4 g6 3. e3 Bg7 4. Nf3 0-0 5. Be2 d6 6. h3 b6 7. 0-0 Bb7 8. c3 Nbd7 9. Nbd2 Ne4 10. Bh2 e5 11. dxe5 Nxd2 12. Qxd2 Nxe5 13. Nxe5 dxe5 14. Qxd8 Rfxd8 15. Rfd1 c5 16. Rxd8+ Rxd8 17. Rd1 Rxd1+ 18. Bxd1 Bd5 19. Bb3 c4 20. Bc2 f5 21. f3 Be6 22. e4 f4 23. Kf1 Kf7 24. Bg1 Ke7 25. Ke2 Kd6 26. Ba4 Bf6 27. Bb5 Kc7 28. Bf2 g5 29. Ke1 Bd8 30. Ke2 Kb7 31. a3 a6 32. Be8 Kc7 33. Kd1 Be7 34. Kc2 Bd8 35. Kd1 Kd6 36. Kc2 Bc7 37. Kd1 Ke7 38. Bc6 h5 39. Bb7 a5 40. Ba6 g4 41. hxg4 hxg4 42. Bb5 Kd6 43. Kd2 g3 44. Bg1 Bd8 45. Kd1 Kc7 46. Kd2 Be7 47. Ke2 Bd6 48. Kd2 Bf8 49. Ke2 Bg8 50. Kd2 Bf7 51. Ke2 Be7 52. Kd2 Bd8 53. Ke2 Kd6 54. Kd2 Be6 55. Ke2 Ke7 56. Kd2 Kf6 57. Ke2 Kg5 58. Kd2 Kh4 59. Ke2 Bc7 60. Kf1 Bd8 61. Ke2 Kh5 62. Kd2 Kg5 63. Ke2 Kh4 64. Kf1 Kg5 65. Ke2 Kf6 66. Kd2 Ke7 67. Ke2 Kd6 68. Kd2 Kc7 69. Ke2 Be7 70. Kd2 Bf8 71. Ke2 Bd6 72. Kd2 Bc5 73. Bxc5 bxc5 74. Ke2 Kb6 75. Ba4 Bc8 76. Ke1 Be6 77. Ke2 Bc8 78. Ke1 Ba6 79. Kd2 Bb7 80. Ke2 Bc8 81. Ke1 Be6 82. Ke2 Bc8 83. Ke1 Bb7 84. Ke2 Ba6 85. Ke1 Bb5 86. Bd1 Kc7 87. Ke2 Kd6 88. Ke1 Ke7 89. Ke2 Kf6 90. Ke1 Kg5 91. Kf1 Kh4 92. Kg1 Bc6 93. Be2 Bb5 94. Bd1 Kg5 95. Kf1 Kg6 96. Ke2 1/2-1/2

[Event "HUN-chT2 Szechenyi 1516"]
[Site "Hungary"]
[Date "2016.04.03"]
[Round "10.10"]
[White "Guzs, Laszlo"]
[Black "Nagy, Istvan Miklos"]
[Result "1/2-1/2"]
[WhiteElo "1953"]
[BlackElo "1735"]
[PlyCount "51"]
[EventDate "2015.09.13"]
[EventType "team-tourn"]
[EventRounds "11"]
[EventCountry "HUN"]
[SourceTitle "EXT 2017"]
[Source "ChessBase"]
[SourceDate "2016.10.25"]
[SourceVersion "1"]
[SourceVersionDate "2016.10.25"]
[SourceQuality "1"]
[WhiteTeam "Gyor Elektromos"]
[BlackTeam "Szechenyi ESE"]
[WhiteTeamCountry "HUN"]
[BlackTeamCountry "HUN"]

1. d4 d5 2. c4 e6 3. Nc3 c6 4. Nf3 Nf6 5. Bg5 Be7 6. e3 0-0 7. Qc2 Nbd7 8. Bd3 dxc4 9. Bxc4 b5 10. Bd3 Bb7 11. 0-0 a6 12. Rfd1 h6 13. Bh4 Qb6 14. Ne5 Rfe8 15. Qe2 Rad8 16. Rac1 c5 17. Nxd7 Nxd7 18. Bxe7 Rxe7 19. Be4 cxd4 20. Rxd4 Nf6 21. Rxd8+ Qxd8 22. Rd1 Qb6 23. Bxb7 Qxb7 24. Rd8+ Re8 25. Qd3 Qe7 26. Rxe8+ 1/2-1/2

[Event "Level op-A 4th"]
[Site "Level"]
[Date "2016.03.15"]
[Round "7"]
[White "Harangozo, Tamas"]
[Black "Nagy, Istvan Miklos"]
[Result "1/2-1/2"]
[WhiteElo "1648"]
[BlackElo "1718"]
[PlyCount "25"]
[EventDate "2016.03.11"]
[EventType "swiss"]
[EventRounds "7"]
[EventCountry "HUN"]
[SourceTitle "EXT 2017"]
[Source "ChessBase"]
[SourceDate "2016.10.25"]
[SourceVersion "1"]
[SourceVersionDate "2016.10.25"]
[SourceQuality "1"]

1. d4 d5 2. Nf3 Nf6 3. c4 c6 4. cxd5 cxd5 5. Bf4 Qb6 6. Qb3 Qxb3 7. axb3 Nc6 8. Nc3 Bf5 9. e3 e6 10. Bb5 Bb4 11. Ne5 0-0 12. Bxc6 bxc6 13. Nxc6 1/2-1/2

[Event "Level op-A 4th"]
[Site "Level"]
[Date "2016.03.13"]
[Round "5"]
[White "Hajba, Tamas"]
[Black "Nagy, Istvan Miklos"]
[Result "1/2-1/2"]
[WhiteElo "1696"]
[BlackElo "1718"]
[PlyCount "69"]
[EventDate "2016.03.11"]
[EventType "swiss"]
[EventRounds "7"]
[EventCountry "HUN"]
[SourceTitle "EXT 2017"]
[Source "ChessBase"]
[SourceDate "2016.10.25"]
[SourceVersion "1"]
[SourceVersionDate "2016.10.25"]
[SourceQuality "1"]

1. e4 c5 2. c3 d5 3. exd5 Qxd5 4. d4 cxd4 5. cxd4 e6 6. Nc3 Bb4 7. Nf3 Nc6 8. a3 Bxc3+ 9. bxc3 Nf6 10. Bd3 0-0 11. 0-0 b6 12. c4 Qd8 13. Bg5 h6 14. Bxf6 Qxf6 15. Be4 Bb7 16. Ne5 Rfc8 17. Qa4 Na5 18. Bxb7 Nxb7 19. Rfe1 Rc7 20. Nc6 Rac8 21. d5 Nc5 22. Qc2 exd5 23. cxd5 Rd7 24. Rad1 Qg5 25. Re5 Qf6 26. Rde1 Rf8 27. Re8 g6 28. h3 Kg7 29. Rxf8 Kxf8 30. Qe2 Qd6 31. Qe8+ Kg7 32. h4 Qf8 33. Qe5+ Kh7 34. h5 Nd3 35. Qe8 1/2-1/2

[Event "HUN-chT4 Chalupetzky 1516"]
[Site "Fertoszentmiklos"]
[Date "2015.12.13"]
[Round "3.5"]
[White "Koberl, Sandor"]
[Black "Nagy, Istvan Miklos"]
[Result "1/2-1/2"]
[WhiteElo "1658"]
[BlackElo "1722"]
[PlyCount "33"]
[EventDate "2015.10.11"]
[EventType "team-tourn"]
[EventRounds "7"]
[EventCountry "HUN"]
[SourceTitle "EXT 2017"]
[Source "ChessBase"]
[SourceDate "2016.10.25"]
[SourceVersion "1"]
[SourceVersionDate "2016.10.25"]
[SourceQuality "1"]
[WhiteTeam "Gonyu"]
[BlackTeam "Toltestava Tornado"]
[WhiteTeamCountry "HUN"]
[BlackTeamCountry "HUN"]

1. e4 c5 2. f4 d5 3. Bb5+ Bd7 4. Bxd7+ Qxd7 5. exd5 Qxd5 6. Qf3 Nf6 7. Nc3 Qd7 8. d3 Nc6 9. Nge2 e6 10. Be3 Be7 11. a3 Nd5 12. Ne4 Nxe3 13. Qxe3 b6 14. 0-0 Rd8 15. Rad1 Nd4 16. Nxd4 Qxd4 17. Qxd4 1/2-1/2

[Event "HUN-chT2 Szechenyi 1516"]
[Site "Hungary"]
[Date "2015.11.29"]
[Round "5.10"]
[White "Nagy, Istvan Miklos"]
[Black "Erseki, Aron"]
[Result "1-0"]
[WhiteElo "1714"]
[BlackElo "1674"]
[PlyCount "129"]
[EventDate "2015.09.13"]
[EventType "team-tourn"]
[EventRounds "11"]
[EventCountry "HUN"]
[SourceTitle "CBM 170 Extra"]
[Source "ChessBase"]
[SourceDate "2016.02.25"]
[SourceVersion "1"]
[SourceVersionDate "2016.02.25"]
[SourceQuality "1"]
[WhiteTeam "Szechenyi ESE"]
[BlackTeam "Tapolca Kolcsey"]
[WhiteTeamCountry "HUN"]
[BlackTeamCountry "HUN"]

1. d4 d5 2. Bf4 Nf6 3. e3 g6 4. Nf3 Bg7 5. Be2 Bf5 6. c3 Nbd7 7. Qb3 Nb6 8. Nbd2 0-0 9. 0-0 Ne4 10. h3 h5 11. c4 dxc4 12. Nxc4 Be6 13. Qc2 Nxc4 14. Bxc4 Bxc4 15. Qxc4 c6 16. Qb4 Qd7 17. Rfd1 f5 18. Ne5 Bxe5 19. dxe5 Qe6 20. f3 a5 21. Qa3 g5 22. Bh2 g4 23. fxe4 gxh3 24. Qb3 Qxb3 25. axb3 fxe4 26. gxh3 Rf3 27. Bf4 Rxh3 28. Kg2 Rh4 29. Rg1 Kf7 30. Kf2 Rd8 31. Rad1 Rf8 32. Rd4 Ke6 33. Rg6+ Kf5 34. Rg5+ Ke6 35. Rxe4 Rh2+ 36. Rg2 Rh4 37. Rd4 c5 38. Rd1 Rh3 39. Ke2 h4 40. Rg6+ Kf5 41. Rg5+ Ke4 42. e6 Rf5 43. Rxf5 Kxf5 44. Rd5+ Kxe6 45. Rxc5 Rh1 46. Rxa5 Rc1 47. Kd2 Rg1 48. Rh5 Rb1 49. Rxh4 Rxb2+ 50. Kc3 Re2 51. Rh6+ Kd7 52. Rb6 Kc8 53. Rb4 Rg2 54. Rc4+ Kd8 55. Rc7 b6 56. Rc6 b5 57. Rc5 Kd7 58. Rxb5 Kc6 59. Rg5 Ra2 60. Kc4 Rc2+ 61. Kb4 Ra2 62. Ra5 Rd2 63. Ra7 e6 64. Ra6+ Kd5 65. Rd6+ 1-0

[Event "HUN-chT4b 1415"]
[Site "Hungary"]
[Date "2015.04.25"]
[Round "7.5"]
[White "Nagy, Istvan Miklos"]
[Black "Horvath, Zoltan1111"]
[Result "1/2-1/2"]
[WhiteElo "1666"]
[BlackElo "2297"]
[PlyCount "110"]
[EventDate "2014.10.04"]
[EventType "team-tourn"]
[EventRounds "7"]
[EventCountry "HUN"]
[SourceTitle "EXT 2016"]
[Source "ChessBase"]
[SourceDate "2015.10.08"]
[SourceVersion "1"]
[SourceVersionDate "2015.10.08"]
[SourceQuality "1"]

1. e4 d5 2. d3 dxe4 3. dxe4 Qxd1+ 4. Kxd1 Nf6 5. f3 Nc6 6. c3 Bd7 7. Be3 0-0-0 8. Kc2 a6 9. Nd2 e5 10. Bc4 Be6 11. Bxe6+ fxe6 12. Ne2 Be7 13. b4 Rd7 14. a4 Rhd8 15. b5 Na5 16. Rhd1 Rd3 17. Bf2 Rxd2+ 18. Rxd2 Rxd2+ 19. Kxd2 Nb3+ 20. Kc2 Nxa1+ 21. Kb2 axb5 22. axb5 b6 23. Kxa1 Ne8 24. c4 Nd6 25. c5 Nxb5 26. cxb6 c5 27. f4 Bd6 28. fxe5 Bxe5+ 29. Ka2 Nd4 30. Nxd4 Bxd4 31. Bxd4 cxd4 32. e5 Kb7 33. Kb3 d3 34. Kc3 d2 35. Kxd2 Kxb6 36. Ke3 Kc5 37. Ke4 Kc4 38. h3 h6 39. g3 g6 40. h4 h5 41. Kf4 Kd4 42. Kg5 Kxe5 43. Kxg6 Ke4 44. Kxh5 Kf3 45. g4 e5 46. g5 e4 47. g6 e3 48. g7 e2 49. g8Q e1Q 50. Qg4+ Kf2 51. Qd4+ Kf3 52. Qd3+ Kf4 53. Qd6+ Kf3 54. Qf6+ Kg3 55. Qg6+ Kf2 1/2-1/2